Tables astronomiques publiees par le bureau des longitudes de France (In French) (Record no. 415)

MARC details
000 -LEADER
fixed length control field 00544nam a2200169Ia 4500
003 - CONTROL NUMBER IDENTIFIER
control field IN-BaIIA
008 - FIXED-LENGTH DATA ELEMENTS--GENERAL INFORMATION
fixed length control field 211028s9999 xx 000 0 eng d
040 ## - CATALOGING SOURCE
Transcribing agency IIA Library
080 ## - UNIVERSAL DECIMAL CLASSIFICATION NUMBER
Universal Decimal Classification number 52(083)
Item number DEL
100 ## - MAIN ENTRY--PERSONAL NAME
Personal name Delambre, Bvrgm
9 (RLIN) 944
245 #0 - TITLE STATEMENT
Title Tables astronomiques publiees par le bureau des longitudes de France (In French)
Statement of responsibility, etc. Bvrgm Delambre
260 ## - PUBLICATION, DISTRIBUTION, ETC.
Place of publication, distribution, etc. Paris
Name of publisher, distributor, etc. Chez Courcier
Date of publication, distribution, etc. 1806
300 ## - PHYSICAL DESCRIPTION
Extent varies
650 ## - SUBJECT ADDED ENTRY--TOPICAL TERM
Topical term or geographic name entry element Astronomy and Astrophysics Thesaurus
650 ## - SUBJECT ADDED ENTRY--TOPICAL TERM
Topical term or geographic name entry element Tables
9 (RLIN) 945
942 ## - ADDED ENTRY ELEMENTS (KOHA)
Koha item type Books
Holdings
Withdrawn status Lost status Damaged status Not for loan Home library Current library Shelving location Date acquired Total Checkouts Full call number Barcode Date last seen Price effective from Koha item type
        IIA Library-Bangalore IIA Library-Kodaikanal General Stacks     52(083)/ DEL 409 05/11/2021   Books

Powered by Koha